1029 1638 1411 1917 1714 1445 1279 1823 1675 1437 1926 1984 1199 1878 1724 1963 1206 1370 1130 1026 1539 1496 1072 1415 1682 1882 1763 1120 1695 1079 1020 1173 1642 1845 1831 1617 1343 1187 1432 1163 1454 1721 1909 1179 1840 1023 1300 1086 1740 1715 1802 1940 1444 1561 1729 1990 1769 1400 1552 1281 1837 1251 1501 1078 1268 1811 1124 1215 1876 1444 1500 1788 1144 1946 1767 1087 1532 1741 1677 1272 1612 1015 1832 1304 1007 1312 1182 1777 1288 1023 1951 1659 1450 1514 1219 1072 1869 1567 1319 BCNSPRNW ULIB Ver.6.0+V

เปลี่ยนเป็นภาษาไทย

Change to English
 แสดงรายละเอียดบรรณานุกรม
  กลับหน้าหลัก

Brief Record : Get Marc (ISO 2709) : E-mail record : QR code < ปิดหน้าต่าง
LEADER : 00000nam 2200000uu 4500
001    13399128263
003     ULIB
008    220826s2564||||th 000 0 tha d
020 ^  ^a9786160041961
050 ^  ^aนว^bอ442ฤ
100 0  ^aอเวรี พาย.
245 1  ^aฤาฤทธิ์คล้องนาคา /^cAvery Pie.
250 ^  ^aพิมพ์ครั้งที่ 1.
260 ^  ^aปทุมธานี :^bDeep,^c2564.
300 ^  ^a468 หน้า ;^c21 ซม.
520 3  ^aครั้งหนึ่ง "ทัณฑ์เทวา" ครุฑาศึกได้รับการช่วยชีวิตจาก "พนาสิทธิ์" นาคหนุ่มผู้งดงาม ก่อเกิดเป็นความประทับใจและความรัก เขาเฝ้าคอยตามติดนาคด้วยความลุ่มหลงและคลั่งรักยากจะถอนใจ ทั้งสองต่างปกป้องกันและกัน ฝ่ายนาคหนุ่มถึงขั้นถอดเกล็ดมอบไว้รักษาแผลให้ผู้เป็นที่รัก ครุฑศึกถอนขนปีกเป็นสื่อแทนใจว่าอีกฝ่ายคือยอดดวงใจเช่นกัน แต่มีอุปสรรคจากพ่อครุฑผู้เป็นใหญ่ และสังวาลผู้เต็มไปด้วยบาดแผลแห่งความเคียดแค้นและเกลียดชัง อีกทั้ง "นรินทิพย์" พี่สาวของนาคหนุ่มก็ไม่เห็นด้วย ทัณฑ์เทวาโชคดีมี "เหมันต์" ศึกสหายสนิทคอยช่วยเหลือ แค่ลูกตื๊อของครุฑาศึกยังไม่เพียงพอ ด้วยบุญกรรมแต่ปางก่อน จะทำให้ความรักระหว่างทัณฑ์เทวากับพนาสิจน์สมหวังหรือไม่? ติดตามพร้อมกันได้แล้วในเล่ม!.
650 ^  ^aนวนิยายไทย.
945    ^p420^l0^i29461
999    ^aกัณชพร จุลอักษร
รายการนี้ยังไม่มีแท็ก
คุณยังไม่ได้ล็อกอิน คุณสามารถมีกิจกรรมร่วมกับเว็บไซต์ได้ แต่ต้องล็อกอินก่อน ::
  ล็อกอิน

รายการสื่อสารสนเทศ

ลำดับที่ ประเภท เลขเรียก/บาร์โค้ด สถานที่ สถานะ
1. วิทยาศาสตร์การแพทย์ และสุขภาพ
วิทยาศาสตร์การแพทย์ และสุขภาพ
นว อ442ฤ ฉ.1 
  Barcode: 29461
ห้องสมุดวิทยาเขตนครสวรรค์
►นวนิยาย:l:Fiction
บนชั้น

รายการใกล้เคียง
    ผู้แต่ง [อเวรี พาย.]

    หัวเรื่อง [นวนิยายไทย.]

BibComment


ยังไม่เคยถูกคอมเมนท์

คอมเมนท์ทรัพยากรรายการนี้
  คอมเมนท์: ฤาฤทธิ์คล้องนาคา..


 Copyright 2026. Bcnsprnw @Library